000 00195nam a2200109Ia 4500
100 _aCRICHTON/MICHALE
942 _cBK
245 _aTRAVELS
260 _b#N/A
546 _aENGLISH
999 _c30875
_d30875